| 000 | 00644 a2200193 4500 | ||
|---|---|---|---|
| 005 | 20120810095253.0 | ||
| 008 | 120810t xxu||||| |||| 00| 0 eng d | ||
| 041 | _aMalayalam | ||
| 080 |
_a92(RAV)=M _bRAV |
||
| 100 |
_aRavivarma, R.T (Seerie) _921234 |
||
| 245 | _aRajavamsam kalalaya smaranakal | ||
| 300 | _a100p. | ||
| 653 | _aMemoirs-malayalam literature | ||
| 653 | _aMemoirs-R.T. Ravivarma (serie) | ||
| 942 | _cBK | ||
| 260 |
_bDC Books _c2011 _aKottayam _918925 |
||
| 020 | _a9788126430840 | ||
| 952 |
_w2012-03-02 _p00067626 _v0.00 _r2012-03-02 _40 _e2 _00 _bUL _10 _o92(RAV)=M RAV _d2012-03-02 _70 _cGEN _2udc _g0.00 _yBK _aUL |
||
| 999 |
_c74708 _d74707 |
||